| 000 | 00708na a2200241 4500 | ||
|---|---|---|---|
| 001 | 13635 | ||
| 003 | MIRAKIL | ||
| 005 | 20181213154944.0 | ||
| 008 | 160908b tu 000 0 | ||
| 020 | _a9786055230777 | ||
| 035 | _a13635 | ||
| 040 |
_aMilas _btur _cTR-AnCHP |
||
| 082 |
_aATA 370.9561 _bA81a 2014 |
||
| 090 | _aATA 370.9561 A81a 2014 | ||
| 100 |
_aAybek, Şahin _d1977- |
||
| 245 |
_aAtatürk, CHP ve eğitim _cŞahin Aybek |
||
| 260 |
_aAnkara _bSonçağ Yayıncılık _c2014 |
||
| 300 |
_axxix, 775 s. _bres. _c22 sm. |
||
| 600 |
_aAtatürk, Mustafa Kemal _d1881-1938 _xEğitim politikası |
||
| 650 |
_aCHP _xEğitim politikası |
||
| 650 |
_aEğitim _xTarih _zTürkiye |
||
| 942 |
_2ddc _cBKS |
||
| 999 |
_c3817 _d3817 |
||